000 00825nas a2200277 4500
001 BR2010005769
003 BR-BrBNA
005 20231205114750.0
007 ta
008 230509b bl.|||p| |||| 00| 00por d
040 _aBR-BrBNA
_bpor
_cBiblioteca Nacional de Agricultura
041 _a(Pt)
072 _aF40; F01
100 1 _aAntunes, L.E.C.
100 1 _aGonçalves, E.D.
100 1 _aTrevisan, R.
245 1 _aFenologia e produção de cultivares de amoreira-preta em sistema agroecológico
650 _aAMORA PRETA
650 _aFENOLOGIA
650 _aECOLOGIA VEGETAL
650 _aQUALIDADE
650 _aPRODUTIVIDADE
773 0 _tCiência Rural (Brazil)
_xISSN 0103-8478
_g(Sep 2010), v. 40(9) p. 1929-1933
_wBR2010005769
909 _a202311
_bLúcia
_c55
_dLúcia Elande
942 _2AGRIS
_n0
_cANA
999 _c210367
_d210367